History of the conquest of Peru

Saved in:
Bibliographic Details
Main Author: Prescott, William Hickling (Author)
Format: Book
Language:English
Published: Nueva York New American Library 1961
Edition:1a. ed
Series:MT, 675
Subjects:
Tags: Add Tag
No Tags, Be the first to tag this record!

MARC

LEADER 00000cam a2200000 a 4500
001 UCD7558
003 CL-VaPUC
008 170331e19610000us |||||||||||||||||eng|d
082 0 4 |a 985.02  |b PRE  |2 21 
100 0 |a Prescott, William Hickling  |e author  |9 527692 
245 1 0 |a History of the conquest of Peru 
250 |a 1a. ed 
300 |a 416 p 
942 |c BK 
945 |d 20170331 00:58:00  |a dcastane 
260 |a Nueva York  |b New American Library  |c 1961 
650 0 |a Historia del Perú   |9 430972 
650 0 |a Conquista del Perú   |9 545594 
650 0 |a Conquista española  |9 267777 
650 0 |a Pueblos indígenas   |9 357564 
583 |a last modification  |c 20170331 00:58:00  |k Rodrigo Vera 
490 0 |a MT, 675 
999 |c 367540  |d 367538 
952 |0 0  |1 0  |3 erb  |4 0  |6 985_020000000000000_PRE_1961  |7 0  |8 A  |9 482486  |a BIBART  |b BIBART  |i 5239567  |o 985.02 PRE 1961  |p 5239567  |r 2025-03-13  |w 2019-11-24  |y BK  |z Catalogado en:20170331  |k ART